Normal view
MARC view
- France
Entry Geographic Name
001 - CONTROL NUMBER
- control field: 32873
003 - CONTROL NUMBER IDENTIFIER
- control field: NUST
005 - DATE AND TIME OF LATEST TRANSACTION
- control field: 20201019100403.0
008 - FIXED-LENGTH DATA ELEMENTS
- fixed length control field: 201019|| aca||aabn | a|a d
040 ## - CATALOGING SOURCE
- Original cataloging agency: NUST
- Transcribing agency: NUST
151 ## - HEADING--GEOGRAPHIC NAME
- Geographic name: France
- Geographic subdivision: Paris
670 ## - SOURCE DATA FOUND
- Source citation: Work cat.: (NUST)428: Group, Images Publishing. 1656, Jakob + macfarlane :, 2007.
